000 00521nam a2200169Ia 4500
008 240729s9999 xx 000 0 und d
022 _a2765-8783
245 0 _aHealth Data Science
260 _aUnited States
260 _bAmerican Association for the Advancement of Science (AAAS)
650 _a Computer applications to medicine. Medical informatics
650 _a Medicine (General)
650 _aMedicine
856 _uhttps://doaj.org/toc/a19ed3683b804242ab2f85d2bd093b45
942 _2ddc
942 _cDOAJEJ
999 _c69841
_d69841
945 _a1
_bMadushi Gamage
_c1
_dMadushi Gamage